00305nam a2200121Ia 4500003000400000008004100004040001600045082001700061245001700078260007200095300001100167490000500178GCL140319s9999 xx 000 0 ara d aGCL / cGCL04a923.2bا ج10aحقيقتى a[S.N] : bدار الوحدة للطباعة والنشر ، c1986 a247 ص a